Bez kontroly : Chaos v předvečer 21. století /

Gespeichert in:
Bibliographische Detailangaben
1. Verfasser: Brzezinski, Zbigniew (Verfasst von)
Format: Buch
Sprache:Tschechisch
Veröffentlicht: Praha : Victoria Publishing, a.s, 1993
Ausgabe:1.vyd.
Schlagworte:
Tags: Tag hinzufügen
Keine Tags, Fügen Sie das erste Tag hinzu!

MARC

LEADER 00000nam a22000003a 4500
001 stu7123
005 20150617225809.2
008 941121s1993----xr------------------cze-d
020 |a 80-85605-83-X 
040 |a STU  |b slo 
041 0 |a cze 
044 |a xr 
080 |a 327 
100 1 |a Brzezinski, Zbigniew  |4 aut 
245 1 |a Bez kontroly :  |b Chaos v předvečer 21. století /  |c [aut.] Brzezinski,Zbigniew 
250 |a 1.vyd. 
260 |a Praha :  |b Victoria Publishing, a.s,  |c 1993 
300 |a 219 s 
650 7 |a světová politika  |2 stusub 
650 7 |a filozofia moci  |2 stusub 
650 7 |a medzinárodné politické vzťahy  |2 stusub 
996 |b E79318  |c R*79318  |l RRUM  |s A  |a 24  |w stu7123_0001